000 03389cam a22006254i 4500
003 PE-LiUPU
005 20250731180142.0
008 150706s r 000 0 d
020 _a9789681862107
035 _a(Sirsi) i9789681862107
040 _aPE-LiUPU
_bspa
_cPE-LiUPU
_erda
049 _aPRUA
082 0 4 _a526.9
_bM12
_221
100 1 _aMcCormac, Jack,
_eautor.
245 1 0 _aTopografía /
_cJack McCormac.
264 1 _aMéxico, D.F. :
_bLimusa,
_c2007.
300 _a01 CD-ROM
300 _a416 páginas :
_bilustraciones ;
_c28 centímetros
336 _atext
_2rdacontent
337 _aunmediated
_2rdamedia
338 _avolume
_2rdacarrier
505 0 _aIntroducción a las mediciones -- Introducción a la medición de distancias -- Correcciones de distancia -- Instrumentos electrónicos para medición de distancias -- Introducción a la nivelación -- Nivelación diferencial -- Continuación del tema de nivelación -- Ángulos y direcciones -- Medición de ángulos y direcciones con tránsitos, teodolitos y estaciones totales -- Estudio de diversos temas sobre ángulos -- Ajuste de poligonales y cálculo de áreas -- Cálculos con computadora y mediciones omitidas -- Levantamientos topográficos -- El sistema de posicionamiento global (Global Positioning System, GPS) -- Sistema de información geográfica -- Topografía aplicada a la construcción -- Volúmenes -- Levantamiento de terrenos o topografía de la propiedad -- Curvas horizontales -- Curvas verticales -- Topografía: la profesión.
526 _aSEG44
526 _aSEG26
526 _aP159
526 _aP155
526 _aP154
526 _aP153
526 _aP150
526 _aP100
526 _aP31
526 _aP30
526 _aP26
526 _aP25
526 _aP24
526 _aP22
526 _aP15
526 _aP10
541 _g044-0022574;
541 _g015-0011556;
650 0 4 _aTopografía.
700 1 _aTexcalpa Villarruel, Uriel,
_etr.
710 2 _aClemson University
910 _bjv
_cjvm
_d20100511
942 _2ddc
_cBOOK
949 _a526.9 M12
_wDEWEY
_c1
_i61594
_d2015-9-3
_e2015-9-2
_lCCODEBUL1
_mBUL
_n2
_p32.00
_r0
_sY
_tBOOK
_u2015-7-6
_xINGENIERIA
_PP06
_0COMPRA
_o.STAFF. Colección General
949 _a526.9 M12
_wDEWEY
_c2
_i72329
_d2016-11-23
_e2016-11-22
_lCCODEBUL1
_mBUL
_n4
_p39.78
_r0
_sY
_tBOOK
_u2016-1-27
_xINGENIERIA
_PP25
_0COMPRA
_o.STAFF. Colección General
949 _a526.9 M12
_wDEWEY
_c1
_iFJ05806
_lCCODEBUJ1
_mBUJ
_p30.00
_r0
_sY
_tBOOK
_u2016-08-08
_xINGENIERIA
_PP25
_o.STAFF -- Colección General Juliaca
994 _aC0
_bPEPRU
596 _a1 3
999 _a526.9 M12
_wDEWEY
_c50783
_i61594
_d50783
_e2017-6-28
_f2021-11-9
_g4
_lCCODEBUL1
_mBUL
_n3
_p32.00
_r0
_sY
_tBOOK
_u2015-7-6
_xINGENIERIA
_PP06
_0COMPRA
_o.STAFF. Colección General
999 _a526.9 M12
_wDEWEY
_c2
_i72329
_d2018-8-22
_e2018-3-28
_f2021-11-9
_g7
_lCCODEBUL1
_mBUL
_n5
_p39.78
_q2
_r0
_sY
_tBOOK
_u2016-1-27
_xINGENIERIA
_PP25
_0COMPRA
_o.STAFF. Colección General
999 _a526.9 M12
_wDEWEY
_c1
_iFJ05806
_d2019-11-28
_e2019-9-18
_f2022-1-19
_g4
_lCCODEBUJ1
_mBUJ
_n14
_p30.00
_q30
_r0
_sY
_tBOOK
_u2017-1-23
_xINGENIERIA
_PP25
_0COMPRA
_o.STAFF. Colección General Juliaca
980 _81
_gALBERTO SANCHEZ Responsable de Automatización